A35_世帯人数の平均TOP100の市区町村 - Statistics

General Stats
  • This quiz has been taken 6 times
  • The average score is 53 of 100
Answer Stats
順位 都道府
県名
種類 世帯
人数の
平均
(人)
市町村名 % Correct
1 秋田県 3.606 大潟村
100%
20 秋田県 3.120 美郷町
100%
4 秋田県 3.423 東成瀬村
75%
9 山形県 3.232 金山町
75%
16 山形県 3.162 大石田町
75%
21 宮城県 3.119 大衡村
75%
23 福島県 3.112 天栄村
75%
27 山形県 3.073 尾花沢市
75%
28 福井県 3.071 南越前町
75%
29 福井県 3.064 越前町
75%
33 山形県 3.058 高畠町
75%
35 青森県 3.052 平川市
75%
36 愛知県 3.044 飛島村
75%
37 福島県 3.037 鮫川村
75%
41 新潟県 3.024 阿賀野市
75%
53 山形県 2.983 河北町
75%
54 山形県 2.982 朝日町
75%
56 秋田県 2.974 羽後町
75%
57 山形県 2.974 村山市
75%
59 宮城県 2.969 登米市
75%
61 福井県 2.959 勝山市
75%
64 山形県 2.950 遊佐町
75%
65 山形県 2.949 寒河江市
75%
69 兵庫県 2.943 多可町
75%
82 富山県 2.921 南砺市
75%
84 福島県 2.917 浅川町
75%
89 長野県 2.909 朝日村
75%
93 島根県 2.906 雲南市
75%
94 福井県 2.906 若狭町
75%
97 福島県 2.899 田村市
75%
2 群馬県 3.519 川場村
50%
3 長野県 3.456 川上村
50%
6 山形県 3.283 川西町
50%
7 山形県 3.278 三川町
50%
8 山形県 3.276 鮭川村
50%
11 福島県 3.216 中島村
50%
12 山形県 3.208 大蔵村
50%
13 石川県 3.207 川北町
50%
14 山形県 3.181 舟形町
50%
15 福島県 3.166 湯川村
50%
18 山形県 3.135 最上町
50%
19 山形県 3.124 飯豊町
50%
22 山形県 3.118 真室川町
50%
24 山形県 3.110 戸沢村
50%
25 福島県 3.100 大玉村
50%
26 福島県 3.084 磐梯町
50%
32 山形県 3.061 中山町
50%
38 山形県 3.037 庄内町
50%
40 長野県 3.024 南牧村
50%
42 群馬県 3.024 高山村
50%
43 山形県 3.023 大江町
50%
44 岩手県 3.023 平泉町
50%
45 山形県 3.020 山辺町
50%
47 福島県 3.001 古殿町
50%
48 鳥取県 2.998 八頭町
50%
50 富山県 2.996 小矢部市
50%
51 福島県 2.989 平田村
50%
52 富山県 2.986 舟橋村
50%
55 福島県 2.980 泉崎村
50%
60 新潟県 2.968 弥彦村
50%
63 長野県 2.951 喬木村
50%
66 山形県 2.949 白鷹町
50%
68 山形県 2.945 西川町
50%
70 鳥取県 2.942 大山町
50%
71 鳥取県 2.941 伯耆町
50%
72 新潟県 2.938 関川村
50%
74 岐阜県 2.932 大野町
50%
75 奈良県 2.930 山添村
50%
76 福井県 2.927 大野市
50%
77 三重県 2.925 度会町
50%
79 鳥取県 2.924 南部町
50%
80 奈良県 2.922 高取町
50%
83 宮城県 2.921 蔵王町
50%
85 静岡県 2.916 小山町
50%
86 奈良県 2.916 明日香村
50%
90 青森県 2.908 西目屋村
50%
92 滋賀県 2.907 多賀町
50%
96 福岡県 2.902 大木町
50%
98 島根県 2.896 安来市
50%
100 福島県 2.894 矢祭町
50%
5 宮城県 3.417 色麻町
25%
10 福島県 3.232 玉川村
25%
17 宮城県 3.153 大郷町
25%
30 青森県 3.061 田舎館村
25%
31 長野県 3.061 下條村
25%
34 佐賀県 3.054 白石町
25%
39 長野県 3.033 豊丘村
25%
46 茨城県 3.004 八千代町
25%
49 秋田県 2.998 井川町
25%
58 新潟県 2.973 聖籠町
25%
62 青森県 2.951 藤崎町
25%
67 福島県 2.946 会津美里町
25%
73 北海道 2.933 新篠津村
25%
78 佐賀県 2.924 太良町
25%
81 茨城県 2.921 桜川市
25%
87 岩手県 2.914 雫石町
25%
88 佐賀県 2.912 玄海町
25%
91 沖縄県 2.908 八重瀬町
25%
95 長野県 2.902 小布施町
25%
99 茨城県 2.894 行方市
25%
No matching quizzes found
Score Distribution
Percent of People with Each Score
Percentile by Number Answered
Your Score History
You have not taken this quiz